| 000 | 00731cam2a220024100 4500 | ||
|---|---|---|---|
| 001 | lce00877457 | ||
| 008 | 740129s1973 nyu b 001 0 eng | ||
| 010 | _a 73078785 | ||
| 020 |
_a0811204928 _a0811204936 (pbk.) |
||
| 020 |
_c _9.50 |
||
| 035 | _a(Sirsi) r122879 | ||
| 035 | _a(DLC) 73078785 | ||
| 035 | _a(UPRA)lce00877457 | ||
| 050 | 0 |
_aPR6023.E88 _bP6 |
|
| 082 | _a811/.5/4 | ||
| 100 | 1 |
_aLevertov, Denise, 1923- _dLevertov, Denise, 1923- _6A44908.1 |
|
| 245 | 1 | 4 | _aThe poet in the world. |
| 260 |
_a[New York, _bNew Directions, _c1973] |
||
| 490 | 0 |
_aA New Directions book _6S10155.2 |
|
| 504 | _aIncludes bibliographical references. | ||
| 949 |
_aPR6023.E88 _wlcc _i-176749 _mMAIN _tBOOK _lON-SHELF |
||
| 004 | 122879 | ||
| 999 |
_c78296 _d78296 |
||